[Event "48. Torneo Villa de Mislata - Torneo B"]
[Site "Mislata ESP"]
[Date "2014.08.11"]
[Round "1.1"]
[White "Nicolas Zapata, Javier"]
[Black "Garcia Cervera, Manuel Miguel"]
[Result "0-1"]
[WhiteElo "2094"]
[BlackElo "1862"]
[PlyCount "74"]
[EventDate "2014.08.11"]
[EventType "swiss"]
[EventRounds "9"]
[EventCountry "ESP"]
[Source "lmi"]
[SourceDate "2014.08.11"]

1. e4 e5 2. Nf3 Nc6 3. d4 exd4 4. Bc4 Nf6 5. e5 d5 6. Bb5 Ne4 7. Nxd4 Bc5 8.
O-O Bd7 9. Bxc6 bxc6 10. f3 Ng5 11. f4 Ne4 12. Be3 O-O 13. Nd2 Nxd2 14. Qxd2 f6
15. Nb3 Bb6 16. a4 a5 17. Kh1 Qe7 18. Bd4 fxe5 19. Bxe5 Qh4 20. Nd4 Rae8 21.
Rf3 Rxe5 22. fxe5 Qxd4 23. Rxf8+ Kxf8 24. Qg5 Qf2 25. Qd8+ Be8 26. e6 Qf5 27.
Re1 Qf2 28. Ra1 Qf5 29. b4 Qxe6 30. bxa5 Bxa5 31. Qa8 Bc3 32. Rf1+ Ke7 33. Qb8
Ba5 34. Qa8 Qe2 35. Rg1 Bb6 36. Rb1 Bd7 37. a5 Bh3 0-1

[Event "48. Torneo Villa de Mislata - Torneo B"]
[Site "Mislata ESP"]
[Date "2014.08.11"]
[Round "1.2"]
[White "Gil Juan, German"]
[Black "Bas Mas, Miguel"]
[Result "0-1"]
[WhiteElo "1853"]
[BlackElo "2082"]
[PlyCount "72"]
[EventDate "2014.08.11"]
[EventType "swiss"]
[EventRounds "9"]
[EventCountry "ESP"]
[Source "lmi"]
[SourceDate "2014.08.11"]

1. e4 c5 2. Nc3 e6 3. g3 Nc6 4. Bg2 d6 5. d3 Nf6 6. f4 Be7 7. Nf3 O-O 8. O-O a6
9. Kh1 Qc7 10. Be3 Rb8 11. h3 b5 12. g4 b4 13. Ne2 Bb7 14. Qe1 Nd7 15. f5 Rfe8
16. Nf4 Bf6 17. Rb1 Nce5 18. Nh5 Nxf3 19. Nxf6+ Nxf6 20. Bxf3 exf5 21. gxf5 d5
22. Qh4 dxe4 23. Bf4 Qc8 24. Bg2 Ra8 25. Rbe1 exd3 26. Rxe8+ Nxe8 27. cxd3
Bxg2+ 28. Kxg2 Qxf5 29. Qe7 Nf6 30. Bg3 Qd5+ 31. Kg1 Re8 32. Qc7 Qxd3 33. Qf4
Qg6 34. Rf3 Nh5 35. Re3 Qb1+ 36. Be1 Qxe1+ 0-1

[Event "48. Torneo Villa de Mislata - Torneo B"]
[Site "Mislata ESP"]
[Date "2014.08.11"]
[Round "1.5"]
[White "Echeverria, Nestor"]
[Black "Garcia Sancho, Josep"]
[Result "1-0"]
[WhiteElo "2046"]
[BlackElo "1821"]
[PlyCount "93"]
[EventDate "2014.08.11"]
[EventType "swiss"]
[EventRounds "9"]
[EventCountry "ESP"]
[Source "lmi"]
[SourceDate "2014.08.11"]

1. d4 Nf6 2. Nf3 g6 3. Bf4 Bg7 4. e3 b6 5. c4 Bb7 6. Nc3 d6 7. h3 Nbd7 8. Be2
O-O 9. O-O Re8 10. Bh2 e5 11. d5 Nc5 12. Qc2 a5 13. Rfe1 Bc8 14. Bf1 Qe7 15.
Rad1 Bf5 16. Qc1 Nfe4 17. Nd4 exd4 18. exd4 Qf6 19. dxc5 Nxc3 20. bxc3 bxc5 21.
g4 Bd7 22. Rd3 h6 23. Bg2 Rxe1+ 24. Qxe1 Re8 25. Qd2 Bc8 26. Rf3 Qd8 27. Bf4 g5
28. Be3 Ba6 29. Bf1 Qe7 30. Bd3 Qe5 31. Qc2 Qxc3 32. Bh7+ Kh8 33. Qf5 Re7 34.
Bg6 Qa1+ 35. Kg2 Qe5 36. Qb1 Qb2 37. Qf5 Qe5 38. Qb1 Kg8 39. Qb8+ Bf8 40. Bd2
Bxc4 41. Bc3 Qe2 42. Bh7+ Kxh7 43. Qxf8 Qxf3+ 44. Kxf3 Bxd5+ 45. Kg3 Re5 46.
Bxe5 dxe5 47. Qxc5 1-0

[Event "48. Torneo Villa de Mislata - Torneo B"]
[Site "Mislata ESP"]
[Date "2014.08.11"]
[Round "1.10"]
[White "Fernandez Garcia, Olmo"]
[Black "Fernandez Gil, Ruben Carlos"]
[Result "0-1"]
[WhiteElo "1812"]
[BlackElo "2008"]
[PlyCount "56"]
[EventDate "2014.08.11"]
[EventType "swiss"]
[EventRounds "9"]
[EventCountry "ESP"]
[Source "lmi"]
[SourceDate "2014.08.11"]

1. e4 c5 2. Nf3 d6 3. d4 cxd4 4. Nxd4 Nf6 5. Nc3 a6 6. Be2 e5 7. Nb3 Be7 8. O-O
Be6 9. Be3 O-O 10. f4 exf4 11. Bxf4 Nc6 12. Be3 b5 13. a3 Ne5 14. Nd4 d5 15.
Nxe6 fxe6 16. exd5 exd5 17. Kh1 Nc4 18. Bxc4 dxc4 19. Qf3 Qe8 20. Nd5 Rd8 21.
Nc7 Qd7 22. Nxa6 Ng4 23. Qe2 Qe6 24. Nc7 Qe4 25. h3 Nxe3 26. Rfe1 Bc5 27. Nxb5
Qxc2 28. Nc3 Rd2 0-1

[Event "48. Torneo Villa de Mislata - Torneo B"]
[Site "Mislata ESP"]
[Date "2014.08.11"]
[Round "1.16"]
[White "Lopez Benavent, Luis Vicente"]
[Black "Galvez Perez, Jose Luis"]
[Result "0-1"]
[WhiteElo "1763"]
[BlackElo "1966"]
[PlyCount "60"]
[EventDate "2014.08.11"]
[EventType "swiss"]
[EventRounds "9"]
[EventCountry "ESP"]
[Source "lmi"]
[SourceDate "2014.08.11"]

1. d4 Nf6 2. Bg5 Ne4 3. Bf4 c5 4. f3 Qa5+ 5. c3 Nf6 6. Nd2 cxd4 7. Nb3 Qd8 8.
Qxd4 Nc6 9. Qd2 d6 10. e4 e5 11. Be3 Be6 12. Bd3 Be7 13. Ne2 O-O 14. O-O Na5
15. Nxa5 Qxa5 16. b4 Qc7 17. Rfc1 d5 18. exd5 Nxd5 19. Bf2 f5 20. a3 Nb6 21.
Qe1 Rad8 22. Bb1 Bc4 23. Ba2 Rd7 24. Rd1 Rfd8 25. Rxd7 Rxd7 26. a4 Bxa2 27.
Rxa2 Nc4 28. a5 a6 29. Rc2 Qd8 30. Ng3 Rd1 0-1

[Event "48. Torneo Villa de Mislata - Torneo B"]
[Site "Mislata ESP"]
[Date "2014.08.11"]
[Round "1.29"]
[White "Paris Turegano, Javier"]
[Black "Soriano Lorente, Francisco"]
[Result "1-0"]
[WhiteElo "1904"]
[BlackElo "1601"]
[PlyCount "52"]
[EventDate "2014.08.11"]
[EventType "swiss"]
[EventRounds "9"]
[EventCountry "ESP"]
[Source "lmi"]
[SourceDate "2014.08.11"]

1. Nc3 Nf6 2. d4 g6 3. e4 d6 4. Be3 Bg7 5. f3 O-O 6. Qd2 e5 7. d5 c6 8. dxc6
bxc6 9. O-O-O Ne8 10. Bc4 Ba6 11. Bb3 Nd7 12. h4 Qa5 13. h5 Nc5 14. hxg6 Nxb3+
15. cxb3 fxg6 16. Nh3 Bf6 17. Bg5 Rf7 18. Bxf6 Rxf6 19. Qh6 Qc7 20. Ng5 Qg7 21.
Qxh7+ Qxh7 22. Rxh7 Ng7 23. Rdh1 Nh5 24. g4 Rxf3 25. gxh5 Rg3 26. hxg6 Rxg5 1-0

[Event "48. Torneo Villa de Mislata - Torneo B"]
[Site "Mislata ESP"]
[Date "2014.08.12"]
[Round "2.1"]
[White "Bas Mas, Miguel"]
[Black "Davidovas Chananovas, Norman"]
[Result "1/2-1/2"]
[WhiteElo "2082"]
[BlackElo "1943"]
[PlyCount "57"]
[EventDate "2014.08.11"]
[EventType "swiss"]
[EventRounds "9"]
[EventCountry "ESP"]
[Source "lmi"]
[SourceDate "2014.08.11"]

1. Nf3 g6 2. e3 Bg7 3. c4 Nf6 4. Nc3 c5 5. d4 cxd4 6. exd4 O-O 7. Be2 d5 8. O-O
Nc6 9. Ne5 dxc4 10. Bxc4 e6 11. Nxc6 bxc6 12. Qa4 Qc7 13. Ne2 Nd5 14. Bd2 Nb6
15. Qc2 Nxc4 16. Qxc4 Qb6 17. Qc2 Ba6 18. Be3 Bxe2 19. Qxe2 Bxd4 20. Bxd4 Qxd4
21. Rac1 Qb6 22. Rc2 Rfd8 23. Rfc1 Rac8 24. h3 Rd5 25. Rc4 Qa6 26. b3 Rcd8 27.
R1c2 c5 28. Qe3 Qd6 29. Qg3 1/2-1/2

[Event "48. Torneo Villa de Mislata - Torneo B"]
[Site "Mislata ESP"]
[Date "2014.08.12"]
[Round "2.2"]
[White "Llamazares Lopez, Marcos"]
[Black "Castro Santimoteo, Raul"]
[Result "1-0"]
[WhiteElo "2051"]
[BlackElo "1924"]
[PlyCount "91"]
[EventDate "2014.08.11"]
[EventType "swiss"]
[EventRounds "9"]
[EventCountry "ESP"]
[Source "lmi"]
[SourceDate "2014.08.11"]

1. c4 c6 2. d4 d5 3. e3 Nf6 4. Nc3 e6 5. Nf3 Bd6 6. Be2 Nbd7 7. O-O O-O 8. b3
Ne4 9. Nxe4 dxe4 10. Nd2 f5 11. f4 c5 12. Bb2 cxd4 13. exd4 Qc7 14. g3 b6 15.
Qe1 Bb7 16. Qf2 Rad8 17. a3 Qc6 18. Qe3 e5 19. fxe5 Nxe5 20. b4 Ng6 21. c5 bxc5
22. bxc5 Be7 23. Rac1 Qe6 24. Nc4 Bd5 25. Qd2 f4 26. gxf4 Nh4 27. Ne5 Nf5 28.
Bg4 Qh6 29. Rc3 e3 30. Qd3 Be6 31. Bxf5 Rxf5 32. Qxe3 Rdf8 33. Bc1 g5 34. Ng4
Qg6 35. Re1 Rxf4 36. Qxe6+ Qxe6 37. Rxe6 Rxg4+ 38. Rg3 Rxg3+ 39. hxg3 Kf7 40.
Ra6 Rb8 41. Be3 Rb3 42. Kf2 h5 43. Rxa7 Rb2+ 44. Kf3 Rb3 45. Ke4 Ke6 46. d5+
1-0

[Event "48. Torneo Villa de Mislata - Torneo B"]
[Site "Mislata ESP"]
[Date "2014.08.12"]
[Round "2.3"]
[White "Molano Lafuente, Ismael"]
[Black "Castillo Pla, Emilio"]
[Result "1-0"]
[WhiteElo "2035"]
[BlackElo "1887"]
[PlyCount "45"]
[EventDate "2014.08.11"]
[EventType "swiss"]
[EventRounds "9"]
[EventCountry "ESP"]
[Source "lmi"]
[SourceDate "2014.08.11"]

1. f4 c5 2. Nf3 d5 3. g3 Nc6 4. Bg2 g6 5. d3 Bg7 6. O-O d4 7. Na3 Nh6 8. Bd2
Nf5 9. c3 O-O 10. g4 Nd6 11. h3 e5 12. fxe5 Nxe5 13. Nxe5 Bxe5 14. Bf4 Bxf4 15.
Rxf4 Qg5 16. Qd2 h5 17. cxd4 hxg4 18. hxg4 cxd4 19. Nc4 Bxg4 20. Rxg4 Qxg4 21.
Nxd6 Rad8 22. Ne4 Rfe8 23. Nf6+ 1-0

[Event "48. Torneo Villa de Mislata - Torneo B"]
[Site "Mislata ESP"]
[Date "2014.08.12"]
[Round "3.1"]
[White "Martin Ayala, David"]
[Black "Llamazares Lopez, Marcos"]
[Result "1/2-1/2"]
[WhiteElo "2020"]
[BlackElo "2051"]
[PlyCount "102"]
[EventDate "2014.08.11"]
[EventType "swiss"]
[EventRounds "9"]
[EventCountry "ESP"]
[Source "lmi"]
[SourceDate "2014.08.11"]

1. e4 c5 2. d4 cxd4 3. Nf3 Nc6 4. c3 d3 5. Bxd3 Nf6 6. O-O d6 7. h3 e6 8. Bg5
h6 9. Bh4 Be7 10. Re1 Qc7 11. Na3 a6 12. Rc1 O-O 13. Bg3 e5 14. Nc4 Be6 15. Ne3
Qa5 16. a4 b5 17. axb5 axb5 18. b4 Qb6 19. Qe2 Rfb8 20. Ra1 Rxa1 21. Rxa1 Bf8
22. Nc2 Ne8 23. Na3 Nc7 24. Ne1 Ne7 25. Nec2 f5 26. exf5 Nxf5 27. Bh2 Qc6 28.
c4 bxc4 29. Nxc4 Nb5 30. Nxe5 dxe5 31. Qxe5 Qd7 32. Bxf5 Bxf5 33. Ne3 Re8 34.
Qxf5 Qxf5 35. Nxf5 Bxb4 36. g4 Re1+ 37. Rxe1 Bxe1 38. Be5 Bc3 39. f4 Bxe5 40.
fxe5 Nc7 41. Kf2 Ne6 42. h4 Kf7 43. Kf3 Kg6 44. Ke4 h5 45. gxh5+ Kxh5 46. Kd5
Nf4+ 47. Ke4 Ne6 48. Nd4 Nc7 49. Kf5 Kxh4 50. Ne6 Nxe6 51. Kxe6 g5 1/2-1/2

[Event "48. Torneo Villa de Mislata - Torneo B"]
[Site "Mislata ESP"]
[Date "2014.08.12"]
[Round "3.2"]
[White "De Pablos Fernandez, Mariano"]
[Black "Molano Lafuente, Ismael"]
[Result "1-0"]
[WhiteElo "1952"]
[BlackElo "2035"]
[PlyCount "155"]
[EventDate "2014.08.11"]
[EventType "swiss"]
[EventRounds "9"]
[EventCountry "ESP"]
[Source "lmi"]
[SourceDate "2014.08.11"]

1. d4 f5 2. g3 Nf6 3. Bg2 d6 4. Nf3 c6 5. O-O Qc7 6. b3 g6 7. Bb2 Bg7 8. c4 O-O
9. Nc3 Na6 10. Rc1 Nh5 11. d5 e5 12. dxe6 Bxe6 13. Na4 Bxb2 14. Nxb2 Qe7 15. e3
Rad8 16. Qe2 d5 17. Nd4 dxc4 18. Nxe6 Qxe6 19. Qxc4 Qxc4 20. Nxc4 Rd3 21. Rfd1
Rfd8 22. Bf3 Nf6 23. Rxd3 Rxd3 24. Na5 Nb4 25. Nxb7 Nxa2 26. Rxc6 Ne4 27. Bxe4
fxe4 28. Nc5 Rd1+ 29. Kg2 Nc3 30. Rc8+ Kf7 31. Rc7+ Kg8 32. Rxa7 Rb1 33. Re7
Rb2 34. Na4 Rxb3 35. Nxc3 Rxc3 36. Rxe4 Kf7 37. Ra4 h6 38. Ra6 Rc2 39. h4 Kg7
40. Kf3 Rb2 41. e4 Rc2 42. Ke3 Rc3+ 43. Kf4 Rc2 44. f3 Rc4 45. g4 Rc3 46. Ra7+
Kg8 47. h5 g5+ 48. Kf5 Rxf3+ 49. Kg6 Kf8 50. Kxh6 Rf4 51. Kxg5 Rxe4 52. h6 Kg8
53. Kh5 Re5+ 54. g5 Rb5 55. Rg7+ Kh8 56. Ra7 Kg8 57. Kg4 Rb4+ 58. Kh5 Rb5 59.
Rd7 Ra5 60. Rd6 Kh7 61. Kg4 Ra7 62. Kf5 Rf7+ 63. Ke6 Rf1 64. Rd7+ Kh8 65. g6
Re1+ 66. Kf7 Rf1+ 67. Ke6 Re1+ 68. Kf5 Rf1+ 69. Ke4 Re1+ 70. Kf3 Re8 71. Kg4
Kg8 72. Kg5 Re5+ 73. Kf6 Re8 74. Re7 Rf8+ 75. Rf7 Ra8 76. Re7 Rf8+ 77. Kg5 Ra8
78. h7+ 1-0

[Event "48. Torneo Villa de Mislata - Torneo B"]
[Site "Mislata ESP"]
[Date "2014.08.12"]
[Round "3.3"]
[White "Lucas Leon, Angel"]
[Black "Bas Mas, Miguel"]
[Result "1/2-1/2"]
[WhiteElo "1863"]
[BlackElo "2082"]
[PlyCount "177"]
[EventDate "2014.08.11"]
[EventType "swiss"]
[EventRounds "9"]
[EventCountry "ESP"]
[Source "lmi"]
[SourceDate "2014.08.11"]

1. c4 Nf6 2. Nc3 d6 3. g3 e5 4. Bg2 c6 5. d3 g6 6. Nf3 Bg7 7. O-O O-O 8. Bg5
Nbd7 9. Qd2 Qc7 10. Bh6 Re8 11. Bxg7 Kxg7 12. Rac1 Ng8 13. e3 f5 14. Qc2 Nf8
15. Nd2 Nf6 16. d4 e4 17. Rfd1 h6 18. Nb3 g5 19. d5 c5 20. Nd2 Ng6 21. a3 Ne5
22. b4 b6 23. Nb5 Qd8 24. bxc5 bxc5 25. Rb1 a6 26. Nc3 Qc7 27. Rb3 Bd7 28. Rdb1
Reb8 29. Bf1 Bc8 30. Be2 Nfd7 31. Rxb8 Rxb8 32. Rxb8 Qxb8 33. Qb3 Qxb3 34. Nxb3
Nb6 35. Na5 Kf6 36. Kf1 Ke7 37. Ke1 Kd8 38. Kd2 Kc7 39. Kc2 Bd7 40. Kb2 g4 41.
Kb3 Be8 42. a4 Nbd7 43. Kc2 Nf6 44. Kd2 Nh7 45. Nb3 Ng5 46. a5 h5 47. Kd1 Kd8
48. Nd2 Nh3 49. Ke1 Ke7 50. Kf1 Ng5 51. Ke1 Ngf7 52. Kd1 Nd8 53. Nb3 Nb7 54.
Kd2 Kf6 55. Ke1 Nd8 56. Kd1 Ke7 57. Ke1 Ndf7 58. Nd2 Ng5 59. Kf1 Ngf3 60. Bxf3
exf3 61. Ke1 Nd3+ 62. Kf1 Kf6 63. Kg1 Ke5 64. Kf1 Bd7 65. Kg1 Nb2 66. Kf1 Ba4
67. Nxa4 Nxa4 68. Ke1 Nb2 69. Kf1 Nd3 70. Kg1 Kf6 71. Kf1 Ne5 72. Ke1 Nf7 73.
Kd1 Ke5 74. Ke1 Nd8 75. Kd1 Nb7 76. Nb3 Ke4 77. Kc2 Nd8 78. Nd2+ Ke5 79. Kd1
Nf7 80. Ke1 Ng5 81. Kf1 Ne4 82. Ke1 Nc3 83. Kf1 h4 84. Ke1 hxg3 85. hxg3 Na2
86. Kd1 Nb4 87. Ke1 Nd3+ 88. Kf1 Nb2 89. Ke1 1/2-1/2

[Event "48. Torneo Villa de Mislata - Torneo B"]
[Site "Mislata ESP"]
[Date "2014.08.12"]
[Round "3.4"]
[White "Davidovas Chananovas, Norman"]
[Black "Echeverria, Nestor"]
[Result "1-0"]
[WhiteElo "1943"]
[BlackElo "2046"]
[PlyCount "58"]
[EventDate "2014.08.11"]
[EventType "swiss"]
[EventRounds "9"]
[EventCountry "ESP"]
[Source "lmi"]
[SourceDate "2014.08.11"]

1. e4 e5 2. Nf3 Nf6 3. Nxe5 Nxe4 4. Qe2 Qe7 5. Qxe4 d6 6. d4 dxe5 7. dxe5 Nc6
8. Bb5 Bd7 9. O-O O-O-O 10. Bf4 g5 11. Be3 f5 12. Qa4 Qxe5 13. Nd2 Bd6 14. Nf3
Qg7 15. Bxa7 g4 16. Bd4 Qh6 17. Ne5 Bxe5 18. Bxe5 Rhe8 19. Bf4 Qf6 20. Rad1 Kb8
21. Rfe1 Qxb2 22. Rf1 Re4 23. c4 Rxf4 24. Bxc6 Rd4 25. Rxd4 Qxd4 26. Rd1 Bxc6
27. Rxd4 Rxd4 28. Qc2 Be4 29. Qc1 Rd3 1-0

[Event "48. Torneo Villa de Mislata - Torneo B"]
[Site "Mislata ESP"]
[Date "2014.08.12"]
[Round "3.5"]
[White "Arance Gonzalez, Luis"]
[Black "Tortosa Fito, Sergio"]
[Result "0-1"]
[WhiteElo "2027"]
[BlackElo "1934"]
[PlyCount "59"]
[EventDate "2014.08.11"]
[EventType "swiss"]
[EventRounds "9"]
[EventCountry "ESP"]
[Source "lmi"]
[SourceDate "2014.08.11"]

1. e4 c5 2. Nf3 e6 3. d3 Nc6 4. g3 g6 5. Bg2 Bg7 6. O-O Nge7 7. Nbd2 O-O 8. c3
d5 9. Re1 d4 10. cxd4 Nxd4 11. Nxd4 cxd4 12. e5 Qc7 13. f4 Bd7 14. Ne4 Bc6 15.
Bd2 Qb6 16. Re2 Rfd8 17. Nd6 Nf5 18. Nxf5 gxf5 19. Bxc6 Qxc6 20. Rg2 Kh8 21. g4
fxg4 22. Qxg4 Rg8 23. Qh4 Bh6 24. Rg3 Rxg3+ 25. hxg3 Bg7 26. Kf2 Qc2 27. Ke2
Re8 28. Rh1 h6 29. Rc1 Qxb2 30. Rc7 0-1

[Event "48. Torneo Villa de Mislata - Torneo B"]
[Site "Mislata ESP"]
[Date "2014.08.13"]
[Round "4.1"]
[White "Llamazares Lopez, Marcos"]
[Black "De Pablos Fernandez, Mariano"]
[Result "1/2-1/2"]
[WhiteElo "2051"]
[BlackElo "1952"]
[PlyCount "105"]
[EventDate "2014.08.11"]
[EventType "swiss"]
[EventRounds "9"]
[EventCountry "ESP"]
[Source "lmi"]
[SourceDate "2014.08.11"]

1. c4 g6 2. Nc3 Bg7 3. d4 Nf6 4. e4 d6 5. Nf3 O-O 6. Be2 c5 7. dxc5 dxc5 8.
Qxd8 Rxd8 9. Be3 b6 10. Rd1 Rxd1+ 11. Kxd1 Bb7 12. Nd2 Nc6 13. Kc1 Rd8 14. Rd1
Nd4 15. f3 Ne8 16. Bf1 e6 17. Nb5 a6 18. Nxd4 Bxd4 19. Bxd4 Rxd4 20. Nb1 Rxd1+
21. Kxd1 f6 22. Nc3 Bc6 23. a3 a5 24. Kd2 Nd6 25. Na2 Nf7 26. b4 axb4 27. axb4
cxb4 28. Nxb4 Bb7 29. Kc3 Kf8 30. Nd3 Ke7 31. h4 Kd6 32. Kd4 e5+ 33. Kc3 f5 34.
exf5 gxf5 35. Nb2 Bc6 36. Bd3 e4 37. fxe4 fxe4 38. Be2 Ke5 39. Nd1 Kf4 40. g4
Ne5 41. Kb4 Nxg4 42. Nc3 Nf6 43. c5 bxc5+ 44. Kxc5 Bd7 45. Kd4 Bc6 46. Bd1 e3
47. Ne2+ Kf3 48. Nc1+ Kg3 49. Kxe3 Kxh4 50. Nd3 h5 51. Nf4 Ng4+ 52. Kd4 Kg5 53.
Nxh5 1/2-1/2

[Event "48. Torneo Villa de Mislata - Torneo B"]
[Site "Mislata ESP"]
[Date "2014.08.13"]
[Round "4.2"]
[White "Corona Gentil, Jose Luis"]
[Black "Davidovas Chananovas, Norman"]
[Result "1-0"]
[WhiteElo "2024"]
[BlackElo "1943"]
[PlyCount "69"]
[EventDate "2014.08.11"]
[EventType "swiss"]
[EventRounds "9"]
[EventCountry "ESP"]
[Source "lmi"]
[SourceDate "2014.08.11"]

1. d4 g6 2. c4 Bg7 3. Nc3 Nf6 4. e4 d6 5. Nf3 O-O 6. Be2 c5 7. d5 e6 8. O-O
exd5 9. cxd5 Re8 10. Nd2 Na6 11. f3 Nc7 12. a4 Bd7 13. Nc4 Bf8 14. Bf4 Bc8 15.
g4 Rb8 16. Qd2 a6 17. Bg5 h6 18. Bxh6 b5 19. Na5 Bd7 20. axb5 axb5 21. Bxf8
Rxf8 22. Nc6 Bxc6 23. dxc6 b4 24. Nd5 Ncxd5 25. exd5 Kg7 26. Ra7 Qb6 27. Ra6
Qc7 28. Rfa1 Rbe8 29. Ra7 Qd8 30. c7 Qd7 31. Bd1 Rc8 32. Ba4 Qe7 33. Re1 Qxc7
34. Rxc7 Rxc7 35. Bc6 1-0

[Event "48. Torneo Villa de Mislata - Torneo B"]
[Site "Mislata ESP"]
[Date "2014.08.13"]
[Round "4.3"]
[White "Galvez Perez, Jose Luis"]
[Black "Martin Ayala, David"]
[Result "0-1"]
[WhiteElo "1966"]
[BlackElo "2020"]
[PlyCount "57"]
[EventDate "2014.08.11"]
[EventType "swiss"]
[EventRounds "9"]
[EventCountry "ESP"]
[Source "lmi"]
[SourceDate "2014.08.11"]

1. b3 e5 2. Bb2 d6 3. e3 Be7 4. c4 Bf6 5. d3 Bf5 6. g4 Bg6 7. Bg2 c6 8. Nc3 Nd7
9. Nge2 Nc5 10. Ne4 Nxe4 11. dxe4 Bh4 12. Ng3 Qa5+ 13. Qd2 Qxd2+ 14. Kxd2 Bxg3
15. hxg3 Nf6 16. f3 O-O-O 17. g5 Nd7 18. Ke2 Rhe8 19. Rae1 Nc5 20. Bh3+ Kc7 21.
Bf5 Ne6 22. Bxg6 hxg6 23. Rh7 Nxg5 24. Rxg7 Ra8 25. Rf1 Re7 26. c5 Ne6 27.
cxd6+ Kb6 28. Bxe5 Nxg7 29. Bxg7 0-1

[Event "48. Torneo Villa de Mislata - Torneo B"]
[Site "Mislata ESP"]
[Date "2014.08.13"]
[Round "4.4"]
[White "Sanchiz Marti, Josep Miquel"]
[Black "Lucas Leon, Angel"]
[Result "0-1"]
[WhiteElo "1992"]
[BlackElo "1863"]
[PlyCount "76"]
[EventDate "2014.08.11"]
[EventType "swiss"]
[EventRounds "9"]
[EventCountry "ESP"]
[Source "lmi"]
[SourceDate "2014.08.11"]

1. d4 Nf6 2. c4 e6 3. Nc3 Bb4 4. a3 Bxc3+ 5. bxc3 d5 6. cxd5 exd5 7. e3 c6 8.
Bd3 O-O 9. Ne2 Re8 10. O-O b6 11. f3 Ba6 12. Bxa6 Nxa6 13. Qd3 Nc7 14. Ng3 c5
15. Bb2 Ne6 16. Rad1 Rc8 17. Qd2 cxd4 18. cxd4 Nc7 19. Qd3 Qd7 20. h3 Qb5 21.
Qd2 Qb3 22. Nf5 Nb5 23. Rc1 Rxc1 24. Rxc1 Nxa3 25. Nd6 Nc4 26. Nxc4 dxc4 27. e4
b5 28. d5 b4 29. Bd4 c3 30. Qg5 h6 31. Qf5 c2 32. d6 Qd3 33. Bxf6 Qd1+ 34. Kh2
Qxc1 35. d7 Rf8 36. Be7 Qd2 37. Bxf8 c1=Q 38. Be7 Qc7+ 0-1

[Event "48. Torneo Villa de Mislata - Torneo B"]
[Site "Mislata ESP"]
[Date "2014.08.13"]
[Round "4.5"]
[White "Tortosa Fito, Sergio"]
[Black "Guerra Reig, Juan"]
[Result "0-1"]
[WhiteElo "1934"]
[BlackElo "1975"]
[PlyCount "94"]
[EventDate "2014.08.11"]
[EventType "swiss"]
[EventRounds "9"]
[EventCountry "ESP"]
[Source "lmi"]
[SourceDate "2014.08.11"]

1. e4 e5 2. Nf3 Nf6 3. d4 Nxe4 4. Bd3 d5 5. Nxe5 Bd6 6. O-O O-O 7. c4 c6 8. Nc3
Nxc3 9. bxc3 Bxe5 10. dxe5 dxc4 11. Bxc4 Qe7 12. Re1 b5 13. Bb3 Be6 14. Qd6
Qxd6 15. exd6 Re8 16. Bg5 Nd7 17. Be7 Bxb3 18. axb3 a5 19. Kf1 f6 20. Ra3 b4
21. cxb4 axb4 22. Raa1 Kf7 23. Rec1 Ra3 24. Rcb1 c5 25. Ke2 Ra2+ 26. Ke3 Rea8
27. h4 Ke6 28. g4 R8a6 29. f4 Rh2 30. h5 Rh3+ 31. Ke4 Ra3 32. f5+ Kf7 33. Kd5
Rhxb3 34. Rxb3 Rxb3 35. Kc6 Ne5+ 36. Kc7 c4 37. d7 Nxd7 38. Kxd7 Rd3+ 39. Bd6
c3 40. Re1 Rxd6+ 41. Kxd6 c2 42. Re7+ Kf8 43. Kd7 h6 44. Re8+ Kf7 45. Re7+ Kg8
46. Re8+ Kh7 47. Rc8 b3 0-1

[Event "48. Torneo Villa de Mislata - Torneo B"]
[Site "Mislata ESP"]
[Date "2014.08.14"]
[Round "5.1"]
[White "De Pablos Fernandez, Mariano"]
[Black "Corona Gentil, Jose Luis"]
[Result "1/2-1/2"]
[WhiteElo "1952"]
[BlackElo "2024"]
[PlyCount "32"]
[EventDate "2014.08.11"]
[EventType "swiss"]
[EventRounds "9"]
[EventCountry "ESP"]
[Source "lmi"]
[SourceDate "2014.08.11"]

1. d4 d5 2. Nf3 Bf5 3. Bg5 Nf6 4. Bxf6 exf6 5. e3 Bd6 6. Bd3 Qd7 7. Nc3 c6 8.
Qe2 O-O 9. O-O-O Na6 10. Bxf5 Qxf5 11. Nh4 Qd7 12. h3 Nc7 13. Qg4 Qxg4 14. hxg4
g6 15. Nf3 Rfe8 16. Kb1 Bb4 1/2-1/2

[Event "48. Torneo Villa de Mislata - Torneo B"]
[Site "Mislata ESP"]
[Date "2014.08.14"]
[Round "5.2"]
[White "Martin Ayala, David"]
[Black "Lucas Leon, Angel"]
[Result "0-1"]
[WhiteElo "2020"]
[BlackElo "1863"]
[PlyCount "112"]
[EventDate "2014.08.11"]
[EventType "swiss"]
[EventRounds "9"]
[EventCountry "ESP"]
[Source "lmi"]
[SourceDate "2014.08.11"]

1. e4 c6 2. d4 d5 3. e5 Bf5 4. c3 e6 5. Bd3 Bxd3 6. Qxd3 Qb6 7. f4 c5 8. Nf3
Nc6 9. O-O Nh6 10. Kh1 Rc8 11. dxc5 Bxc5 12. b4 Bxb4 13. cxb4 Nxb4 14. Qb3 Nc2
15. Qa4+ Qc6 16. Qxc6+ Rxc6 17. Na3 Nxa1 18. Nd4 Rb6 19. Be3 Ra6 20. Ndb5 Nf5
21. Bxa7 Kd7 22. Rxa1 Ra8 23. Bc5 Rc6 24. Bb4 Ra4 25. Bd2 Rca6 26. Rb1 Nd4 27.
Nxd4 Rxd4 28. Be3 Rd3 29. Nc2 Rc3 30. Rxb7+ Kc8 31. Rxf7 Rxc2 32. h4 Rc7 33.
Rf8+ Kb7 34. Re8 Rd7 35. a4 d4 36. Bd2 d3 37. a5 Rc6 38. Kh2 Rc2 39. a6+ Kxa6
40. Rxe6+ Kb5 41. Be3 d2 42. Bxd2 Rdxd2 43. Re7 Rxg2+ 44. Kh3 Rg1 45. f5 Rc3+
46. Kh2 Re1 47. Kg2 Re2+ 48. Kf1 Rh2 49. Kg1 Rd2 50. Rb7+ Kc6 51. Rb1 Rdc2 52.
f6 Rc1+ 53. Rxc1 Rxc1+ 54. Kg2 gxf6 55. exf6 Kd6 56. Kg3 Rc4 0-1

[Event "48. Torneo Villa de Mislata - Torneo B"]
[Site "Mislata ESP"]
[Date "2014.08.14"]
[Round "5.3"]
[White "Guerra Reig, Juan"]
[Black "Cebrian Flores, Juan Antonio"]
[Result "1/2-1/2"]
[WhiteElo "1975"]
[BlackElo "1995"]
[PlyCount "65"]
[EventDate "2014.08.11"]
[EventType "swiss"]
[EventRounds "9"]
[EventCountry "ESP"]
[Source "lmi"]
[SourceDate "2014.08.11"]

1. c4 d6 2. Nc3 g6 3. d4 Bg7 4. e4 Nf6 5. f4 O-O 6. Nf3 c5 7. dxc5 Qa5 8. Bd2
Qxc5 9. b4 Qc7 10. Rc1 b6 11. Bd3 Nbd7 12. O-O Bb7 13. Nd5 Qd8 14. Qe2 Re8 15.
Nxf6+ Bxf6 16. Bc3 e5 17. fxe5 dxe5 18. Rcd1 Qe7 19. Bc2 Rec8 20. Qd3 Nf8 21.
Bb3 Rd8 22. Qe2 Qc7 23. Qb2 Re8 24. c5 Re7 25. Nxe5 Bxe5 26. Rxf7 Rxf7 27. Bxe5
Qe7 28. Rf1 Ne6 29. Rxf7 Qxf7 30. Bh8 Re8 31. Qd4 Bc8 32. c6 Qe7 33. Qf6
1/2-1/2

[Event "48. Torneo Villa de Mislata - Torneo B"]
[Site "Mislata ESP"]
[Date "2014.08.14"]
[Round "5.4"]
[White "Ortin Blanco, Inigo"]
[Black "Llamazares Lopez, Marcos"]
[Result "1/2-1/2"]
[WhiteElo "1741"]
[BlackElo "2051"]
[PlyCount "63"]
[EventDate "2014.08.11"]
[EventType "swiss"]
[EventRounds "9"]
[EventCountry "ESP"]
[Source "lmi"]
[SourceDate "2014.08.11"]

1. d4 d5 2. c4 c6 3. cxd5 cxd5 4. Nc3 Nf6 5. Nf3 Nc6 6. Bf4 a6 7. Ne5 e6 8. e3
Be7 9. Be2 O-O 10. O-O Nxe5 11. dxe5 Nd7 12. Bd3 b5 13. Rc1 Bb7 14. Ne2 Nc5 15.
Bb1 Rc8 16. Nd4 Re8 17. Qe2 Bf8 18. h3 f6 19. Qh5 f5 20. Qe2 g6 21. g4 Qh4 22.
gxf5 gxf5 23. Kh2 Kh8 24. Rg1 Bh6 25. Bxh6 Qxh6 26. f4 Ne4 27. Bxe4 dxe4 28.
Rxc8 Rxc8 29. Qg2 Bd5 30. a3 Qf8 31. Qg5 Qf7 32. Qh4 1/2-1/2